| 000 | 00420cam a2200169ua 4500 | ||
|---|---|---|---|
| 020 | _cRs.3/- | ||
| 041 |
_ahin _h |
||
| 082 |
_a891.43 _bJAY/AC |
||
| 100 | _aJayanath Nalin, R K. | ||
| 245 |
_aAcharya Ramachandra shukla / _cJayanath Nalin. _hTextual Documents |
||
| 260 |
_aDelhi : _bBansal and co , _c1962. |
||
| 300 | _a178 ; . | ||
| 365 | _aRs.3/- | ||
| 504 | _a | ||
| 942 | _cBK | ||
| 999 |
_c11650 _d11650 |
||